000 00367nam a2200169Ia 4500
003 0100
008 130303s9999 xx 000 0 und d
040 _cARRUPELIB
050 _aNK1105.D71955
100 _aDreyfuss, Henry
245 _aDesigning for People
260 _aNY
260 _bSimon Schuster, INC
260 _C1955
300 _a240p
942 0 0 _01
999 _c51997
_d51997